| 000 -LEADER |
| fixed length control field |
02396cam a22005178i 4500 |
| 001 - CONTROL NUMBER |
| control field |
21097969 |
| 003 - CONTROL NUMBER IDENTIFIER |
| control field |
NUST |
| 005 - DATE AND TIME OF LATEST TRANSACTION |
| control field |
20220825161514.0 |
| 006 - FIXED-LENGTH DATA ELEMENTS--ADDITIONAL MATERIAL CHARACTERISTICS |
| fixed length control field |
m |o d | |
| 007 - PHYSICAL DESCRIPTION FIXED FIELD--GENERAL INFORMATION |
| fixed length control field |
cr ||||||||||| |
| 008 - FIXED-LENGTH DATA ELEMENTS--GENERAL INFORMATION |
| fixed length control field |
190717s2020 mau ob 000 0ceng |
| 010 ## - LIBRARY OF CONGRESS CONTROL NUMBER |
| LC control number |
2019024942 |
| 020 ## - INTERNATIONAL STANDARD BOOK NUMBER |
| International Standard Book Number |
9781328603531 |
| Qualifying information |
(ebook) |
| 020 ## - INTERNATIONAL STANDARD BOOK NUMBER |
| Canceled/invalid ISBN |
9781328604392 |
| Qualifying information |
(hardback) |
| 040 ## - CATALOGING SOURCE |
| Original cataloging agency |
DLC |
| Language of cataloging |
eng |
| Transcribing agency |
DLC |
| Description conventions |
rda |
| 042 ## - AUTHENTICATION CODE |
| Authentication code |
pcc |
| 043 ## - GEOGRAPHIC AREA CODE |
| Geographic area code |
n-us--- |
| -- |
n-us-va |
| -- |
n-us-tx |
| 050 00 - LIBRARY OF CONGRESS CALL NUMBER |
| Classification number |
E342.1 |
| 082 00 - DEWEY DECIMAL CLASSIFICATION NUMBER |
| Classification number |
973.510922 |
| Author Mark |
KEA |
| 100 1# - MAIN ENTRY--PERSONAL NAME |
| Personal name |
Kearse, Bettye, |
| Relator term |
author. |
| 9 (RLIN) |
97659 |
| 245 14 - TITLE STATEMENT |
| Title |
The Other Madisons : |
| Remainder of title |
the lost history of a president's Black family |
| Statement of responsibility, etc. |
Bettye Kearse. |
| 246 30 - VARYING FORM OF TITLE |
| Title proper/short title |
Lost history of a president's Black family |
| 260 ## - PUBLICATION, DISTRIBUTION, ETC. |
| Place of publication, distribution, etc. |
Boston : |
| Name of publisher, distributor, etc. |
Houghton Mifflin Harcourt, |
| Date of publication, distribution, etc. |
2020 |
| 263 ## - PROJECTED PUBLICATION DATE |
| Projected publication date |
2003 |
| 300 ## - PHYSICAL DESCRIPTION |
| Extent |
253p |
| 336 ## - CONTENT TYPE |
| Content type term |
text |
| Content type code |
txt |
| Source |
rdacontent |
| 337 ## - MEDIA TYPE |
| Media type term |
computer |
| Media type code |
c |
| Source |
rdamedia |
| 338 ## - CARRIER TYPE |
| Carrier type term |
online resource |
| Carrier type code |
cr |
| Source |
rdacarrier |
| 504 ## - BIBLIOGRAPHY, ETC. NOTE |
| Bibliography, etc. note |
Includes bibliographical references. |
| 505 0# - FORMATTED CONTENTS NOTE |
| Formatted contents note |
The new Griotte -- The box -- Family stories -- Footsteps -- Living history -- Destination Jim Crow -- The dentist -- Beads -- The castle -- The museum -- "Visiting" -- Sanctuaries -- In search of the President's son -- Elizabeth -- Free! -- Gramps -- New York memorial -- The plantation's tale -- History. Heritage. Memory. |
| 520 ## - SUMMARY, ETC. |
| Summary, etc. |
"A descendant of a slave named Coreen, and-according to oral tradition-her owner, President James Madison, finally shares her family's story."-- |
| Assigning source |
Provided by publisher. |
| 588 ## - SOURCE OF DESCRIPTION NOTE |
| Source of description note |
Description based on print version record and CIP data provided by publisher; resource not viewed. |
| 600 10 - SUBJECT ADDED ENTRY--PERSONAL NAME |
| Personal name |
Madison, James, |
| Dates associated with a name |
1751-1836 |
| General subdivision |
Family. |
| 9 (RLIN) |
97660 |
| 600 10 - SUBJECT ADDED ENTRY--PERSONAL NAME |
| Personal name |
Madison, James, |
| Dates associated with a name |
1751-1836 |
| General subdivision |
relations with African Americans. |
| 9 (RLIN) |
97661 |
| 600 30 - SUBJECT ADDED ENTRY--PERSONAL NAME |
| Personal name |
Madison family. |
| 9 (RLIN) |
97662 |
| 600 00 - SUBJECT ADDED ENTRY--PERSONAL NAME |
| Personal name |
Mandy, |
| Dates associated with a name |
active 18th century. |
| 9 (RLIN) |
97663 |
| 600 00 - SUBJECT ADDED ENTRY--PERSONAL NAME |
| Personal name |
Coreen, |
| Dates associated with a name |
active 18th century. |
| 9 (RLIN) |
97664 |
| 650 #0 - SUBJECT ADDED ENTRY--TOPICAL TERM |
| Topical term or geographic name entry element |
African American families |
| General subdivision |
History. |
| 9 (RLIN) |
97665 |
| 650 #0 - SUBJECT ADDED ENTRY--TOPICAL TERM |
| Topical term or geographic name entry element |
Racially mixed people |
| Geographic subdivision |
United States. |
| 9 (RLIN) |
97666 |
| 650 #0 - SUBJECT ADDED ENTRY--TOPICAL TERM |
| Topical term or geographic name entry element |
Slaves |
| Geographic subdivision |
Virginia |
| General subdivision |
History. |
| 9 (RLIN) |
97667 |
| 650 #0 - SUBJECT ADDED ENTRY--TOPICAL TERM |
| Topical term or geographic name entry element |
Freedmen |
| Geographic subdivision |
Texas |
| General subdivision |
History. |
| 9 (RLIN) |
97668 |
| 776 08 - ADDITIONAL PHYSICAL FORM ENTRY |
| Relationship information |
Print version: |
| Main entry heading |
Kearse, Bettye. |
| Title |
The Other Madisons |
| Place, publisher, and date of publication |
Boston : Houghton Mifflin Harcourt, [2020] |
| International Standard Book Number |
9781328604392 |
| Record control number |
(DLC) 2019024941 |
| 906 ## - LOCAL DATA ELEMENT F, LDF (RLIN) |
| a |
7 |
| b |
cbc |
| c |
orignew |
| d |
1 |
| e |
ecip |
| f |
20 |
| g |
y-gencatlg |
| 942 ## - ADDED ENTRY ELEMENTS (KOHA) |
| Source of classification or shelving scheme |
|
| Koha item type |
Lincoln Corner |